[Event "63. BEM 2009"]
[Site "Dortmund"]
[Date "2009.03.12"]
[Round "9.16"]
[White "Schrimpl, Michael"]
[Black "Rzoczek, Christoph"]
[Result "1/2-1/2"]
[WhiteElo "1476"]
[BlackElo "1622"]
[PlyCount "93"]
[EventDate "2009.??.??"]
[Source "SG Dortmund"]
[SourceDate "2004.12.16"]

1. c4 Nf6 2. Nc3 c6 3. Nf3 d5 4. cxd5 cxd5 5. d4 e6 6. Bf4 Bd6 7. Bxd6 Qxd6 8.
e3 O-O 9. Rc1 a6 10. Bd3 Nc6 11. O-O b5 12. a3 Na5 13. Ne5 Nc4 14. Nxc4 bxc4
15. Be2 Bd7 16. Rb1 Rfc8 17. f3 Rab8 18. e4 Qf4 19. Qc1 Qxc1 20. Rfxc1 Rb3 21.
e5 Nh5 22. g3 Rcb8 23. f4 g6 24. Nd1 {(=)} 24... Ng7 25. g4 Ne8 26. Rc3 Nc7 27.
Rxb3 Rxb3 28. Nc3 Nb5 29. Nxb5 Bxb5 30. Kf2 c3 31. Bd1 Rxb2+ 32. Rxb2 cxb2 33.
Bc2 Kg7 34. h4 f6 35. g5 fxe5 36. fxe5 Ba4 37. Bb1 Bd1 38. Ke1 Bg4 39. Kd2 Bf5
40. Kc3 Bxb1 41. Kxb2 Kf7 42. Kxb1 Ke7 43. Kc2 Kd7 44. a4 Kc6 45. Kc3 Kb7 46.
Kb3 Kc6 47. Kc3 1/2-1/2

[Event "63. BEM 2009"]
[Site "Dortmund"]
[Date "2009.03.12"]
[Round "9.18"]
[White "Gennat, Egon L"]
[Black "Ezzat, Tarik"]
[Result "0-1"]
[WhiteElo "1362"]
[BlackElo "1517"]
[PlyCount "92"]
[EventDate "2009.??.??"]
[Source "SG Dortmund"]
[SourceDate "2004.12.16"]

1. d4 d5 2. c4 e6 3. Nc3 Nf6 4. Nf3 dxc4 5. Bg5 c6 6. a4 Bb4 7. e3 Qa5 8. Bxf6
Bxc3+ 9. bxc3 Qxc3+ 10. Nd2 gxf6 11. Bxc4 Qa5 12. O-O Qg5 13. Ne4 Qg6 14. Bd3
f5 15. Nd6+ Kd7 16. Nc4 Kc7 17. Qf3 Nd7 18. Rac1 Rg8 19. Na5 e5 20. Bxf5 Qf6
21. d5 c5 22. Qh3 b6 23. Nc6 Kd6 24. f4 e4 25. Bxe4 Nf8 26. Qh5 Ng6 27. g3 Ba6
28. Rf2 Bb7 29. Bg2 Bxc6 30. dxc6 Rad8 31. e4 Kc7 32. e5 Qe7 33. Rd1 Rd4 34.
Rfd2 Rgd8 35. Qe2 Nf8 36. Rxd4 Rxd4 37. Rxd4 cxd4 38. Qc4 Ne6 39. f5 Qc5 40.
Bd5 Nd8 41. e6 fxe6 42. Qxc5 bxc5 43. fxe6 Nxc6 44. Kf2 Ne7 45. Bc4 Ng6 46. Kf3
Ne5+ 0-1

[Event "63. BEM 2009"]
[Site "Dortmund"]
[Date "2009.03.12"]
[Round "9.19"]
[White "Völler, Lothar"]
[Black "Pfeffer, Josef"]
[Result "1-0"]
[WhiteElo "1492"]
[BlackElo "1241"]
[PlyCount "66"]
[EventDate "2009.??.??"]
[Source "SG Dortmund"]
[SourceDate "2004.12.16"]

1. e4 e5 2. Nf3 d6 3. c3 Nf6 4. d4 Be7 5. dxe5 dxe5 6. Qc2 Bd6 7. Bc4 O-O 8.
O-O h6 9. Rd1 Qe7 10. Be3 Be6 11. Be2 a6 12. Nbd2 b5 13. h3 c5 14. Nh2 c4 15.
Nhf1 Bc5 16. Bf3 Nc6 17. g4 Bxe3 18. Nxe3 Nh7 19. Nf5 Bxf5 20. exf5 Qh4 21.
Bxc6 Ng5 22. Bg2 Nxh3+ 23. Bxh3 Qxh3 24. Qe4 Kh8 25. Nf1 f6 26. Qg2 Qh4 27. Ne3
h5 28. Rd5 Rg8 29. gxh5 Qxh5 30. Qh2 g6 31. Qxh5+ gxh5+ 32. Kh2 Rad8 33. Rad1
Kh7 1-0

[Event "63. BEM 2009"]
[Site "Dortmund"]
[Date "2009.03.12"]
[Round "9.20"]
[White "Krüger, Inge"]
[Black "Schirmer, Michael"]
[Result "1-0"]
[WhiteElo "1272"]
[BlackElo "1424"]
[PlyCount "115"]
[EventDate "2009.??.??"]
[Source "SG Dortmund"]
[SourceDate "2004.12.16"]

1. d4 e6 2. c4 c5 3. d5 exd5 4. cxd5 d6 5. Nc3 g6 6. Nf3 Bg7 7. e4 Nf6 8. Qc2
O-O 9. Be2 b6 10. O-O Re8 11. h3 Nh5 12. Nh2 Qh4 13. Nf3 Qe7 14. Bd3 Na6 15. a3
Nc7 16. Re1 Qf8 17. Bd2 Bh6 18. b4 Bxd2 19. Qxd2 Bd7 20. bxc5 bxc5 21. a4 Qg7
22. Rab1 Rab8 23. Nb5 Nxb5 24. axb5 Rb6 25. Qa5 Rb7 26. Qa6 Reb8 27. Qxd6 Bxb5
28. Bxb5 Rxb5 29. Rxb5 Rxb5 30. Ne5 Rb6 31. Qd8+ Qf8 32. Qxf8+ Kxf8 33. Nd7+
Ke7 34. Nxb6 axb6 35. Rb1 Nf6 36. f3 Nd7 37. Ra1 h5 38. Kf2 Kd6 39. Ke3 g5 40.
g4 h4 41. f4 f6 42. fxg5 fxg5 43. Rf1 b5 44. Rf5 b4 45. Rxg5 Ne5 46. Rh5 b3 47.
Kd2 c4 48. Kc3 Nd3 49. Rh6+ Ke5 50. d6 b2 51. Kc2 c3 52. d7 Nb4+ 53. Kb1 Kd4
54. d8=Q+ Kc4 55. Qc7+ Kb3 56. Qf7+ Ka3 57. Qc7 Kb3 58. Rb6 1-0

[Event "63. BEM 2009"]
[Site "Dortmund"]
[Date "2009.03.12"]
[Round "9.21"]
[White "Jentzsch, Werner Wilfried"]
[Black "Weih, Kurt"]
[Result "1/2-1/2"]
[WhiteElo "1414"]
[BlackElo "1232"]
[PlyCount "30"]
[EventDate "2009.??.??"]
[Source "SG Dortmund"]
[SourceDate "2004.12.16"]

1. d4 Nf6 2. c4 g6 3. Nc3 Bg7 4. e4 d6 5. f4 e6 6. Nf3 Nc6 7. Be3 Ng4 8. Bg1
Nf6 9. e5 dxe5 10. dxe5 Qxd1+ 11. Rxd1 Nd7 12. a3 a6 13. Ne4 O-O 14. Nc5 Nxc5
15. Bxc5 Rd8 1/2-1/2

[Event "63. BEM 2009"]
[Site "Dortmund"]
[Date "2009.03.12"]
[Round "9.22"]
[White "Vogt, Christian"]
[Black "Hansen, Jochen"]
[Result "1-0"]
[WhiteElo "1046"]
[BlackElo "1396"]
[PlyCount "103"]
[EventDate "2009.??.??"]
[Source "SG Dortmund"]
[SourceDate "2004.12.16"]

1. d4 d5 2. c4 e6 3. Nf3 Nf6 4. Bg5 Be7 5. Nc3 Nbd7 6. e3 c5 7. cxd5 Nxd5 8.
Bxe7 Qxe7 9. Bd3 N5f6 10. O-O O-O 11. Rc1 cxd4 12. exd4 Nb6 13. a3 Bd7 14. Ne5
Rac8 15. Nxd7 Qxd7 16. Bb5 Qd6 17. Qf3 Qe7 18. Rfd1 Rfd8 19. g3 Rc7 20. Bf1
Rdc8 21. Qe3 h6 22. Bd3 Kf8 23. Nb5 Nbd5 24. Qd2 Rxc1 25. Rxc1 Rxc1+ 26. Qxc1
a6 27. Qc8+ Ne8 28. Nc3 Qc7 29. Qxc7 Nexc7 30. Be4 Ke7 31. Kf1 b6 32. Na4 Kd6
33. Ke2 b5 34. Nc5 Nb6 35. Kd3 Nc4 36. Kc3 a5 37. Nb7+ Ke7 38. b3 Nxa3 39. Nxa5
Nd5+ 40. Bxd5 exd5 41. Kb4 Nc2+ 42. Kxb5 Nxd4+ 43. Kc5 {(=)} 43... Nf3 44. Kxd5
Nxh2 45. Nb7 Ng4 46. Nc5 Nf6+ 47. Kc6 Ne8 48. b4 Kd8 49. b5 Kc8 50. b6 Nc7 51.
bxc7 g5 52. Nb7 1-0

[Event "63. BEM 2009"]
[Site "Dortmund"]
[Date "2009.03.12"]
[Round "9.23"]
[White "Schirmer, Florian"]
[Black "Strotmann, Dieter"]
[Result "0-1"]
[WhiteElo "952"]
[BlackElo "1192"]
[PlyCount "46"]
[EventDate "2009.??.??"]
[Source "SG Dortmund"]
[SourceDate "2004.12.16"]

1. d4 Nf6 2. c4 e6 3. g3 c6 4. Bg2 d5 5. Nf3 h6 6. c5 Be7 7. O-O O-O 8. Nc3
Nbd7 9. Bf4 Re8 10. Qd3 Bf8 11. e4 dxe4 12. Nxe4 Nxe4 13. Qxe4 Nf6 14. Qd3 Bxc5
15. Rfe1 Bb6 16. Qe3 Nd5 17. Qd2 Ba5 18. Qc1 Bxe1 19. Bxh6 Bxf2+ 20. Kxf2 Qf6
21. Bg5 Qg6 22. Ne5 Qf5+ 23. Nf3 Nb4 0-1

[Event "63. BEM 2009"]
[Site "Dortmund"]
[Date "2009.03.12"]
[Round "9.24"]
[White "Fahle, Karl-Wilhelm"]
[Black "Schaefer, Ulrich"]
[Result "0-1"]
[WhiteElo "1202"]
[BlackElo "1328"]
[PlyCount "104"]
[EventDate "2009.??.??"]
[Source "SG Dortmund"]
[SourceDate "2004.12.16"]

1. e4 e5 2. f4 exf4 3. Nf3 Nf6 4. e5 Ne4 5. Bc4 d5 6. Bb3 Nc6 7. d3 Nc5 8. Bxf4
Nxb3 9. axb3 Bg4 10. O-O Nd4 11. Nbd2 Bc5 12. Kh1 O-O 13. c3 Ne6 14. Bg3 f6 15.
d4 Be7 16. Qc2 fxe5 17. Nxe5 Bh5 18. Rf5 Rxf5 19. Qxf5 Ng5 20. Rf1 Qd6 21. Nef3
Qg6 22. Qxd5+ Kh8 23. Nxg5 Qxg5 24. Qxb7 Rf8 25. Rxf8+ Bxf8 26. Nf3 Bxf3 27.
gxf3 Qc1+ 28. Kg2 Qxb2+ 29. Kh3 Qxc3 30. Qd5 Qe3 31. Qf7 Qh6+ 32. Bh4 g5 33.
Kg4 Qxh4+ 34. Kf5 Qf4+ 35. Ke6 Qxf7+ 36. Kxf7 Bd6 37. h3 Bf4 38. d5 h5 39. Kg6
h4 40. Kf5 Kg7 41. Ke6 Kg6 42. Kd7 Kf5 43. Kc6 Ke5 44. b4 Kd4 45. b5 Ke3 46.
Kb7 Kxf3 47. Kxa7 Kg3 48. Kb7 Kxh3 49. b6 cxb6 50. Kxb6 g4 51. Kc6 g3 52. d6
Bxd6 0-1

[Event "63. BEM 2009"]
[Site "Dortmund"]
[Date "2009.03.11"]
[Round "9.25"]
[White "Hast, Stefan"]
[Black "Schoppe, Hans-Werner"]
[Result "0-1"]
[WhiteElo "1143"]
[BlackElo "1299"]
[PlyCount "148"]
[EventDate "2009.??.??"]
[Source "SG Dortmund"]
[SourceDate "2004.12.16"]

1. e4 e6 2. d4 d5 3. Nd2 a6 4. Bd3 Nf6 5. e5 Nfd7 6. Ne2 c5 7. c3 Nc6 8. Nf3
cxd4 9. cxd4 Qb6 10. h3 Bb4+ 11. Bd2 Bxd2+ 12. Qxd2 Qb4 13. Qxb4 Nxb4 14. Bb1
Nb6 15. a3 Nc6 16. Bd3 Bd7 17. g4 Nc8 18. g5 N8a7 19. h4 Ne7 20. h5 Bb5 21. Bb1
Bxe2 22. Kxe2 b5 23. Nh4 Nac6 24. Ke3 Na5 25. g6 Nc4+ 26. Ke2 hxg6 27. hxg6 Rh6
28. b3 Na5 29. gxf7+ Kxf7 30. Bc2 Rah8 31. Bg6+ Nxg6 32. Nxg6 Kxg6 33. Rhg1+
Kf7 34. Rac1 Re8 35. Rg3 Re7 36. Rf3+ Kg6 37. Rg1+ Kh7 38. Rc1 Rh4 39. Rc8 Kg6
40. Rg3+ Kh7 41. Rf3 g5 42. Rff8 Kg6 43. Rg8+ Kf5 44. Rgf8+ Ke4 45. Rf3 Kxd4
46. Ra8 Re4+ 47. Kd2 Kxe5 48. Rxa6 g4 49. Rc3 Nb7 50. Rcc6 Kd4 51. Rab6 Rf7 52.
Kc1 Rxf2 53. Rc2 Rxc2+ 54. Kxc2 Re2+ 55. Kd1 Kd3 56. Rxb7 Ra2 57. Ke1 Ke3 58.
Kd1 g3 59. Re7 Kd3 60. Kc1 Re2 61. Rg7 g2 62. Rg3+ Ke4 63. Kd1 Rf2 64. a4 bxa4
65. bxa4 Kf4 66. Rg8 Ke3 67. Rg3+ Kf4 68. Rg8 Rf1+ 69. Kc2 g1=Q 70. Rxg1 Rxg1
71. Kc3 Rc1+ 72. Kb4 e5 73. a5 e4 74. a6 e3 0-1

[Event "62. BEM 2008"]
[Site "Dortmund"]
[Date "2008.02.18"]
[Round "1.1"]
[White "Dörre, Niels"]
[Black "Lindam, Ingo"]
[Result "0-1"]
[WhiteElo "1590"]
[BlackElo "2070"]
[Annotator "Lindam,Ingo"]
[PlyCount "86"]
[EventDate "2008.??.??"]
[Source "SG Dortmund"]
[SourceDate "2004.12.16"]

1. e4 d5 2. exd5 Nf6 3. Nf3 Bg4 4. Be2 Qxd5 5. Nc3 Qd6 (5... Qd7 6. Ne5) 6. d4
Nc6 $6 7. O-O O-O-O $2 8. Ng5 $1 Be6 $8 (8... Bxe2 $2 9. Qxe2 $3 $18 Nxd4 10.
Qd1 $18 (10. Qc4 $4 Ng4 11. g3 Ne5 $19)) 9. Nb5 Qd7 10. c3 h6 11. Nxe6 Qxe6 12.
Re1 (12. c4 $1 $16) 12... Qf5 13. Bd3 Qd7 14. Qf3 e6 15. Bf4 Nd5 16. Bg3 a6 17.
c4 (17. Na3 $13) 17... Ndb4 $1 18. Nxc7 $1 (18. Bxc7 $2 Nxd4 $17) 18... Nxd4
19. Qe3 Nxd3 20. Qxd3 Nf5 21. Na8 (21. Qxd7+ Rxd7 22. Na8 Bc5 23. b4 Ba7 (23...
Bxb4 $2 24. Nb6+ Kd8 25. Red1 $1 $44) 24. c5 Nxg3 25. hxg3 Rd4 $16) 21... Qc6 (
21... Qxd3 $4 22. Nb6#) 22. Qf3 Nxg3 (22... Qxf3 $4 23. Nb6#) 23. hxg3 (23.
Qxg3 Bd6 $19) 23... Qxf3 $19 24. gxf3 Bc5 25. b4 Bd4 26. Rad1 Kb8 27. Rxd4 Rxd4
28. Nb6 Kc7 29. Na4 Rxc4 30. a3 Rd8 31. Re3 Rd1+ 32. Kg2 Rcc1 33. Kh3 Rh1+ 34.
Kg4 h5+ 35. Kg5 h4 36. gxh4 Rcg1+ 37. Kh5 Rg6 38. Re4 Rh6+ 39. Kg5 f6+ 40. Kf4
R6xh4+ 41. Ke3 Re1+ 42. Kd3 Rexe4 43. fxe4 Rh3+ 0-1

[Event "62. BEM 2008"]
[Site "Dortmund"]
[Date "2008.02.18"]
[Round "1.2"]
[White "Zelt, Jens"]
[Black "Warsitz, Andreas"]
[Result "1-0"]
[WhiteElo "1982"]
[BlackElo "1582"]
[PlyCount "95"]
[EventDate "2008.??.??"]
[Source "SG Dortmund"]
[SourceDate "2004.12.16"]

1. d4 Nf6 2. Nf3 b6 3. Bf4 Bb7 4. e3 e6 5. h3 g6 6. Bd3 Bg7 7. O-O O-O 8. Nbd2
d5 9. c3 Nbd7 10. Qc2 Rc8 11. Bh2 c5 12. Rfd1 cxd4 13. exd4 Ne8 14. Re1 Nc7 15.
a4 Ba6 16. Ra2 Bxd3 17. Qxd3 a5 18. Raa1 Ne8 19. Ne5 Nxe5 20. dxe5 Nc7 21. Bf4
g5 22. Be3 Bxe5 23. Bxb6 Qd6 24. Bxa5 Na6 25. Nf3 Bf6 26. Rac1 Nc5 27. Qd1 Qa6
28. Bb4 Rfe8 29. Bxc5 Rxc5 30. Ra1 Rec8 31. Ne5 Qb7 32. Rb1 Ra8 33. Qf3 Bxe5
34. Rxe5 h6 35. h4 Qc7 36. Qe3 Rxa4 37. hxg5 d4 38. cxd4 Rxd4 39. Rxc5 Qxc5 40.
gxh6 Rd5 41. Qxc5 Rxc5 42. b4 Rb5 43. f3 Kh7 44. Kf2 Kxh6 45. Ke3 Kg5 46. Kd4
Kf4 47. Kc4 Rg5 48. Rb2 1-0

[Event "62. BEM 2008"]
[Site "Dortmund"]
[Date "2008.02.18"]
[Round "1.3"]
[White "Rzoczek, Christoph"]
[Black "Begna, Bozidar"]
[Result "0-1"]
[WhiteElo "1581"]
[BlackElo "1946"]
[PlyCount "52"]
[EventDate "2008.??.??"]
[Source "SG Dortmund"]
[SourceDate "2004.12.16"]

1. d4 Nf6 2. Nf3 c5 3. c3 Qc7 4. Nbd2 d5 5. e3 e6 6. Bd3 Nc6 7. O-O Bd6 8. e4
cxd4 9. exd5 exd5 10. Re1+ Be6 11. cxd4 O-O 12. h3 Rac8 13. a3 Qb6 14. Nf1 Na5
15. Bd2 Nb3 16. Rb1 Nxd4 17. Bg5 Nxf3+ 18. Qxf3 Be7 19. Ng3 h6 20. Bxf6 Bxf6
21. Nh5 Qd4 22. Rbd1 Qh4 23. Bb1 Rc6 24. Rxd5 Bxd5 25. Qf5 g6 26. Nxf6+ Rxf6
0-1

[Event "62. BEM 2008"]
[Site "Dortmund"]
[Date "2008.02.18"]
[Round "1.4"]
[White "Borjini, Mohamed"]
[Black "Noori, Mir Ahmad"]
[Result "1-0"]
[WhiteElo "1933"]
[BlackElo "1556"]
[PlyCount "73"]
[EventDate "2008.??.??"]
[Source "SG Dortmund"]
[SourceDate "2004.12.16"]

1. e4 e6 2. d4 g6 3. Nc3 Bg7 4. Be3 d6 5. Qd2 h6 6. O-O-O a6 7. h4 h5 8. Nge2
Ne7 9. Kb1 Bd7 10. f3 Nbc6 11. Nc1 Ng8 12. Be2 Qe7 13. d5 Ne5 14. f4 Ng4 15.
Bxg4 hxg4 16. g3 e5 17. Nd3 f6 18. fxe5 fxe5 19. Rdf1 O-O-O 20. Bg5 Bf6 21. Qf2
Bxg5 22. Qa7 Bb5 23. Nxb5 axb5 24. hxg5 Rxh1 25. Rxh1 Qf7 26. Qa8+ Kd7 27. Qxb7
Rf8 28. Qxb5+ Kd8 29. a4 Qd7 30. Qb8+ Qc8 31. Qa7 Ne7 32. Rh7 Qd7 33. Nb4 Qc8
34. a5 Re8 35. a6 Rf8 36. Qb7 Re8 37. Nc6+ 1-0

[Event "62. BEM 2008"]
[Site "Dortmund"]
[Date "2008.02.18"]
[Round "1.5"]
[White "Ezzat, Tarik"]
[Black "Kropp, Andreas"]
[Result "0-1"]
[WhiteElo "1506"]
[BlackElo "1918"]
[PlyCount "66"]
[EventDate "2008.??.??"]
[Source "SG Dortmund"]
[SourceDate "2004.12.16"]

1. Nc3 d5 2. d4 c6 3. Nf3 Nf6 4. Bg5 Ne4 5. Nxe4 dxe4 6. Ng1 Nd7 7. e3 Qa5+ 8.
c3 Qxg5 9. h4 Qa5 10. Ne2 e5 11. Ng3 Nf6 12. b4 Qc7 13. Qc2 exd4 14. exd4 Qf4
15. Bc4 Be7 16. Ne2 Qh6 17. g3 Bg4 18. Nf4 Bf3 19. Qb3 O-O 20. Rg1 Bd6 21. Nh3
b5 22. Be6 Rae8 23. Bf5 g6 24. g4 Qxh4 25. g5 Nd5 26. Bd7 Re7 27. Bxc6 Nxb4 28.
cxb4 Qxh3 29. Kd2 e3+ 30. fxe3 Bxc6 31. d5 Bxd5 32. Qxd5 Qxe3+ 33. Kc2 Rc8+ 0-1

[Event "62. BEM 2008"]
[Site "Dortmund"]
[Date "2008.02.18"]
[Round "1.6"]
[White "Gitschel, Ralf"]
[Black "Reinacher, Detlev"]
[Result "1-0"]
[WhiteElo "1887"]
[BlackElo "1505"]
[PlyCount "69"]
[EventDate "2008.??.??"]
[Source "SG Dortmund"]
[SourceDate "2004.12.16"]

1. e4 d6 2. d4 g6 3. Bd3 Bg7 4. c3 Nf6 5. f3 Nbd7 6. Be3 e5 7. Qd2 h5 8. Ne2 c6
9. Na3 b5 10. Nc2 Nb6 11. dxe5 dxe5 12. Rd1 Be6 13. b3 Qc7 14. O-O O-O-O 15.
Nc1 Nc4 16. bxc4 bxc4 17. Qe2 cxd3 18. Rxd3 Nd7 19. Rd2 Nb6 20. Rfd1 Rxd2 21.
Bxd2 Rd8 22. Nb3 Nc4 23. Be1 Rxd1 24. Qxd1 Bf8 25. Bf2 Na5 26. Ne3 Nxb3 27.
axb3 Qb6 28. b4 Qb7 29. Qa4 Bd7 30. Nc4 c5 31. Qa5 Bb5 32. Nxe5 cxb4 33. cxb4
Be2 34. Qxa7 Qxb4 35. Qd7+ 1-0

[Event "62. BEM 2008"]
[Site "Dortmund"]
[Date "2008.02.18"]
[Round "1.7"]
[White "Gegner, Michael"]
[Black "Barskij, Aleksandr"]
[Result "0-1"]
[WhiteElo "1496"]
[BlackElo "1874"]
[PlyCount "50"]
[EventDate "2008.??.??"]
[Source "SG Dortmund"]
[SourceDate "2004.12.16"]

1. d4 Nf6 2. Nc3 d5 3. e4 dxe4 4. f3 e3 5. Bxe3 Bf5 6. g4 Bg6 7. Nge2 e6 8. Nf4
Bd6 9. Nxg6 hxg6 10. f4 c6 11. g5 Nd5 12. Nxd5 exd5 13. Qd2 Nd7 14. O-O-O Qc7
15. h4 O-O-O 16. Bd3 Rde8 17. Kb1 Nf8 18. c4 dxc4 19. Bxc4 Kb8 20. Rde1 Ne6 21.
Bxe6 Rxe6 22. d5 cxd5 23. Rc1 Qe7 24. Rce1 Re8 25. Qxd5 Bb4 0-1

[Event "62. BEM 2008"]
[Site "Dortmund"]
[Date "2008.02.18"]
[Round "1.8"]
[White "Gorzinski, Dariusz"]
[Black "Schröder, Thomas"]
[Result "0-1"]
[WhiteElo "1857"]
[BlackElo "1491"]
[PlyCount "119"]
[EventDate "2008.??.??"]
[Source "SG Dortmund"]
[SourceDate "2004.12.16"]

1. c4 e5 2. g3 Nf6 3. Bg2 d6 4. Nc3 c6 5. d3 Be7 6. e4 h5 7. h3 Be6 8. Nge2 Na6
9. b3 Nc7 10. d4 b5 11. d5 cxd5 12. cxd5 Bd7 13. a3 a5 14. a4 b4 15. Nb1 Na6
16. Be3 Rc8 17. Nd2 Nc5 18. Bxc5 Rxc5 19. Nc4 Bc8 20. Nc1 Bd7 21. Nd3 Rc8 22.
Qe2 h4 23. g4 g5 24. Qe3 Rg8 25. O-O Ra8 26. Rac1 Qb8 27. Rfd1 Bd8 28. Ndxe5
dxe5 29. d6 Be6 30. Nxe5 Bb6 31. Qd3 Bd7 32. Qc4 Rf8 33. Nxd7 Nxd7 34. e5 Nxe5
35. Qe4 f6 36. Qxa8 Qxa8 37. Bxa8 Kd7 38. Bg2 f5 39. Rd5 Ke6 40. Rb5 Bxf2+ 41.
Kf1 fxg4 42. Rd1 gxh3 43. Bxh3+ g4 44. Bg2 h3 45. Bd5+ Kxd6 46. Bf3+ Ke6 47.
Kxf2 Rxf3+ 48. Kg1 g3 49. Rc1 Rf5 50. Rxa5 Kd6 51. Rd1+ Kc6 52. Ra6+ Kb7 53.
Rh6 Nf3+ 54. Kf1 g2+ 55. Kf2 g1=Q+ 56. Rxg1 Nxg1+ 57. Kxg1 Rf3 58. Rh7+ Kc6 59.
Rh6+ Kc5 60. Rh8 {und Weiss ueberschritt im 77. Zug die Zeit ...} 0-1

[Event "62. BEM 2008"]
[Site "Dortmund"]
[Date "2008.02.18"]
[Round "1.9"]
[White "Gennat, Egon L"]
[Black "Ziperstein, Jakob"]
[Result "1/2-1/2"]
[WhiteElo "1444"]
[BlackElo "1851"]
[PlyCount "112"]
[EventDate "2008.??.??"]
[Source "SG Dortmund"]
[SourceDate "2004.12.16"]

1. d4 Nf6 2. Nf3 g6 3. g3 Bg7 4. Bg2 O-O 5. O-O d6 6. c4 Nbd7 7. Nc3 Re8 8. e4
e5 9. d5 Nc5 10. Ne1 a6 11. b4 Ncd7 12. Nd3 Nxe4 13. Nxe4 f5 14. Bg5 Nf6 15.
Nxf6+ Bxf6 16. Bxf6 Qxf6 17. Re1 g5 18. f4 Bd7 19. fxg5 Qxg5 20. Re2 Re7 21.
Qd2 Qh5 22. Rf1 Rg7 23. Ref2 Rf8 24. Qe2 Qg5 25. c5 Bb5 26. Qd2 e4 27. Qxg5
Rxg5 28. Nf4 Bxf1 29. Rxf1 Rc8 30. Bh3 dxc5 31. Ne6 Rh5 32. Bxf5 Rh6 33. bxc5
Kh8 34. Bxe4 c6 35. Ng5 cxd5 36. Bxd5 Kg7 37. Rf7+ Kg6 38. Ne4 Rh5 39. Rf6+ Kg7
40. Bxb7 Rcxc5 41. Bxa6 Rc1+ 42. Kg2 Ra5 43. Rd6 Rc2+ 44. Kh3 Raxa2 45. Rd7+
Kf8 46. Bb7 Rxh2+ 47. Kg4 Ra5 48. Bd5 h5+ 49. Kg5 h4 50. gxh4 Re2 51. Nf6 Re5+
52. Kg6 Ra7 53. Rxa7 Rg5+ 54. Kh7 Rg7+ 55. Kh6 Rg6+ 56. Kh7 Rh6+ 1/2-1/2

[Event "62. BEM 2008"]
[Site "Dortmund"]
[Date "2008.02.18"]
[Round "1.10"]
[White "Büchle, Manfred"]
[Black "Schrimpl, Michael"]
[Result "1-0"]
[WhiteElo "1844"]
[BlackElo "1439"]
[PlyCount "83"]
[EventDate "2008.??.??"]
[Source "SG Dortmund"]
[SourceDate "2004.12.16"]

1. e4 c6 2. d4 d5 3. e5 Bf5 4. f4 Nd7 5. Nf3 h6 6. c4 e6 7. Nc3 Nb6 8. cxd5
Nxd5 9. Nxd5 Qxd5 10. Be2 Bb4+ 11. Bd2 Qa5 12. O-O Ne7 13. a3 Bxd2 14. Nxd2 Qd5
15. Nc4 Nc8 16. Qd2 Be4 17. Rad1 Qd8 18. Qe3 Bd5 19. f5 exf5 20. Nd6+ Nxd6 21.
exd6+ Kf8 22. Rxf5 Qxd6 23. Rdf1 Re8 24. Qf2 Re7 25. Bh5 Qc7 26. Re5 Rxe5 27.
dxe5 b5 28. Bxf7 Qxf7 29. Qc5+ Ke8 30. Rxf7 Kxf7 31. Qxa7+ Kg6 32. Qd7 Rf8 33.
e6 Bc4 34. h3 Rf1+ 35. Kh2 Bxe6 36. Qxe6+ Rf6 37. Qe4+ Kf7 38. b3 Re6 39. Qf4+
Rf6 40. Qc7+ Kg6 41. a4 bxa4 42. bxa4 1-0

[Event "62. BEM 2008"]
[Site "Dortmund"]
[Date "2008.02.18"]
[Round "1.11"]
[White "Ackerhans, Gerd"]
[Black "Lauche, Christoph"]
[Result "0-1"]
[WhiteElo "1415"]
[BlackElo "1834"]
[PlyCount "45"]
[EventDate "2008.??.??"]
[Source "SG Dortmund"]
[SourceDate "2004.12.16"]

1. c4 f5 2. Nc3 Nf6 3. d3 g6 4. f4 Bg7 5. Nf3 d6 6. g3 O-O 7. Bg2 c6 8. Bd2
Nbd7 9. b4 Ng4 10. Rc1 a5 11. Qa4 Qb6 12. Rf1 axb4 13. Qxa8 bxc3 14. Bxc3 Bxc3+
15. Rxc3 Qb1+ 16. Kd2 Qb2+ 17. Rc2 Qb4+ 18. Rc3 Ne3 19. a3 Qb2+ 20. Kxe3 Qxc3
21. Qa7 e5 22. fxe5 dxe5 23. Qb8 0-1

[Event "62. BEM 2008"]
[Site "Dortmund"]
[Date "2008.02.18"]
[Round "1.12"]
[White "Hoppe, Dirk"]
[Black "Rutmann, Ulrich"]
[Result "1-0"]
[WhiteElo "1826"]
[BlackElo "1401"]
[PlyCount "55"]
[EventDate "2008.??.??"]
[Source "SG Dortmund"]
[SourceDate "2004.12.16"]

1. e4 d6 2. g3 Nf6 3. Nc3 g6 4. Bg2 Bg7 5. d3 O-O 6. Nge2 c6 7. h3 e5 8. O-O
Be6 9. f4 exf4 10. Bxf4 Qd7 11. Kh2 Na6 12. Qd2 Rab8 13. e5 Ne8 14. exd6 Nxd6
15. Bh6 Nf5 16. Bxg7 Kxg7 17. Ne4 Qe7 18. Rae1 Nc5 19. Qc3+ Kg8 20. Qxc5 Qd8
21. Qe5 Ng7 22. Nf6+ Kh8 23. Nc3 Qb6 24. Qg5 Nf5 25. g4 h6 26. Qf4 g5 27. Qe4
Qd4 28. gxf5 1-0

[Event "62. BEM 2008"]
[Site "Dortmund"]
[Date "2008.02.18"]
[Round "1.13"]
[White "Krüger, Inge"]
[Black "Werner, Patrick"]
[Result "0-1"]
[WhiteElo "1375"]
[BlackElo "1717"]
[PlyCount "64"]
[EventDate "2008.??.??"]
[Source "SG Dortmund"]
[SourceDate "2004.12.16"]

1. d4 g6 2. c4 Bg7 3. Nf3 d6 4. Nc3 Nf6 5. e3 O-O 6. Be2 Nc6 7. O-O e5 8. dxe5
dxe5 9. e4 Qe7 10. Bg5 Be6 11. Qa4 h6 12. Bxf6 Bxf6 13. Nd5 Bxd5 14. cxd5 Nd8
15. Rac1 c6 16. dxc6 Nxc6 17. Rfd1 g5 18. h3 Bg7 19. Nh2 Nd4 20. Bf1 a6 21. a3
b5 22. Qb4 Qb7 23. f3 Rfc8 24. Ng4 Qb6 25. Kh2 h5 26. Ne3 Nxf3+ 27. gxf3 Qxe3
28. Qe1 Qxf3 29. Rc3 Rxc3 30. bxc3 Rc8 31. Rd3 Qf4+ 32. Kg1 Bf8 0-1

[Event "62. BEM 2008"]
[Site "Dortmund"]
[Date "2008.02.18"]
[Round "1.14"]
[White "Flierdl, Lothar"]
[Black "Kajtazovic, Ismail"]
[Result "1/2-1/2"]
[WhiteElo "1701"]
[BlackElo "1368"]
[PlyCount "122"]
[EventDate "2008.??.??"]
[Source "SG Dortmund"]
[SourceDate "2004.12.16"]

1. e4 c5 2. Nf3 d6 3. d4 cxd4 4. Nxd4 Nf6 5. Nc3 a6 6. a4 e5 7. Nf3 Be7 8. Be2
Nbd7 9. O-O Nc5 10. Nd2 O-O 11. a5 Be6 12. b4 Ncd7 13. Bf3 Rc8 14. Bb2 Nb8 15.
Nd5 Nxd5 16. exd5 Bf5 17. Rc1 Bg5 18. Re1 Nd7 19. c3 Qf6 20. Ra1 Qh6 21. Ne4
Bxe4 22. Bxe4 Bd2 23. Re2 Bxc3 24. Bf5 Bxb2 25. Rxb2 Rc7 26. Rc2 Rfc8 27. Rxc7
Rxc7 28. Bxd7 Rxd7 29. Qc2 Qf6 30. Qc8+ Qd8 31. Rc1 g6 32. Qxd8+ Rxd8 33. Rc7
Rb8 34. Rd7 Kf8 35. Rxd6 Ke7 36. Rb6 Kd7 37. f3 Kc7 38. Rf6 Rd8 39. Rxf7+ Rd7
40. d6+ Kxd6 41. Rf6+ Kd5 42. Rb6 e4 43. Kf2 Kd4 44. fxe4 Kxe4 45. Kg3 Kf5 46.
h3 h5 47. b5 axb5 48. Rxb5+ Kf6 49. h4 Rd3+ 50. Kh2 Rd4 51. g3 Rd2+ 52. Kh3 Rd7
53. Rg5 Rd6 54. Rb5 Rd7 55. Rb6+ Kf5 56. a6 bxa6 57. Rxa6 Re7 58. Ra4 Re4 59.
Rxe4 Kxe4 60. g4 Kf4 61. gxh5 gxh5 1/2-1/2

[Event "62. BEM 2008"]
[Site "Dortmund"]
[Date "2008.02.18"]
[Round "1.15"]
[White "Collisy, Klaus-D"]
[Black "Schultz, Bernfried"]
[Result "1-0"]
[WhiteElo "1327"]
[BlackElo "1700"]
[PlyCount "131"]
[EventDate "2008.??.??"]
[Source "SG Dortmund"]
[SourceDate "2004.12.16"]

1. e4 e5 2. Nf3 Nc6 3. Bc4 Be7 4. O-O Nf6 5. d3 O-O 6. Nc3 d6 7. h3 a6 8. a3
Na5 9. Ba2 b5 10. Ne1 c5 11. f4 Nc6 12. f5 Nd4 13. Nf3 a5 14. Nxd4 cxd4 15. Ne2
b4 16. axb4 axb4 17. Bxf7+ Kxf7 18. Rxa8 Qb6 19. b3 Qb7 20. Ra1 Bd7 21. Ng3 Bc6
22. Re1 Kg8 23. Qf3 d5 24. Bd2 dxe4 25. dxe4 Bc5 26. Kh2 Bd6 27. Bg5 Kh8 28.
Bxf6 gxf6 29. Ra2 Ra8 30. Rxa8+ Qxa8 31. Nh5 Qf8 32. Ra1 Be7 33. Qg4 Qg8 34.
Qxg8+ Kxg8 35. Ng3 Kf7 36. Re1 Bf8 37. Nh5 Bh6 38. g4 Be3 39. Ng3 Bd2 40. Ra1
Bf4 41. Re1 Bd2 42. Re2 Bc3 43. Kg2 Bb5 44. Rf2 d3 45. cxd3 Bxd3 46. Kf3 Be1
47. Ra2 Bxg3 48. Kxg3 Bxe4 49. Ra4 Bc2 50. Rxb4 h5 51. Rb7+ Kg8 52. b4 hxg4 53.
hxg4 Kf8 54. b5 Ke8 55. b6 e4 56. Kf4 Bd1 57. Rc7 Kd8 58. Rf7 Kc8 59. Rxf6 e3
60. Re6 e2 61. g5 Kb7 62. g6 Bb3 63. Rxe2 Bc4 64. Re7+ Kxb6 65. f6 Kc6 66. f7
1-0